Statistics for Country Names with unique 2nd letter

Click here to take the quiz!

General Stats

  • This quiz has been taken 83 times
  • The average score is 3 of 6

Answer Stats

Country % Correct
Djibouti
61%
Oman
50%
Afghanistan
46%
Spain
43%
Equatorial Guinea
40%
Ukraine
39%

Score Distribution

Percentile by Number Answered

Percent of People with Each Score

Your Score History

You have not taken this quiz